Kế hoạch hóa ngôn ngữ : ngôn ngữ học xã hội vĩ mô

Salvato in:
Dettagli Bibliografici
Autore principale: Nguyễn văn Khang
Natura: Libro
Lingua:Undetermined
Pubblicazione: Hà Nội Khoa học Xã hội 2003
Soggetti:
Tags: Aggiungi Tag
Nessun Tag, puoi essere il primo ad aggiungerne! !
Thư viện lưu trữ: Trung tâm Học liệu Trường Đại học Cần Thơ
LEADER 00592nam a2200205Ia 4500
001 CTU_101138
008 210402s9999 xx 000 0 und d
020 |c 10000 
082 |a 306.44 
082 |b Kh106 
100 |a Nguyễn văn Khang 
245 0 |a Kế hoạch hóa ngôn ngữ : 
245 0 |b ngôn ngữ học xã hội vĩ mô 
245 0 |c Nguyễn Văn Khang 
260 |a Hà Nội 
260 |b Khoa học Xã hội 
260 |c 2003 
650 |a Sociolinguistics 
904 |i Hiếu 
980 |a Trung tâm Học liệu Trường Đại học Cần Thơ